| 000 | 00675nam a2200205 a 4500 | ||
|---|---|---|---|
| 003 | BD-DhJNU | ||
| 005 | 20250825031711.0 | ||
| 008 | 250501s2023 ii a b 001 0 eng | ||
| 020 | _a9789845064095 | ||
| 040 |
_aBD-DhJNU _bENG _cBD-DhJNU _dBD-DhJNU |
||
| 082 | 0 | 0 |
_a338.95492 PAM _223 |
| 100 | 1 | _aPaul, Birupaksha | |
| 245 | 1 | 0 |
_aMacroeconomic policy and institutions for growth in Bangladesh / _cBirupaksha Paul |
| 260 |
_aDhaka : _bThe University Press Limited, _c2023. |
||
| 300 |
_axvi, 239 p. : _bill. ; _c23 cm. |
||
| 504 | _aIncludes bibliographical references and index. | ||
| 650 | 0 | _aMacroeconomic Policy | |
| 650 | 0 | _aEconomic Growth – Bangladesh | |
| 942 | _cBK | ||
| 999 |
_c2010 _d2010 |
||